|
|
|
|
| LEADER |
00988nam a22001937a 4500 |
| 082 |
|
|
|a MA
|b APA/E Q1
|
| 100 |
|
|
|a അപർണ്ണ അരവിന്ദ്
|9 134006
|
| 100 |
|
|
|a Aparna Aravind
|9 131621
|
| 240 |
|
|
|a Ethihasa Kathasandharbhangalude Punarakyanam - Vayalarinte Therenjedutha Kavithakalil
|
| 245 |
|
|
|a ഇതിഹാസ കഥാസന്ദർഭങ്ങുടെ പുനരാഖ്യാനം - വയലാറിന്റെ തെരഞ്ഞെടുത്ത കവിതകളിൽ
|
| 260 |
|
|
|a Karyavattom;
|b Kerala University;
|c 2011
|
| 300 |
|
|
|a 47p.
|
| 650 |
|
|
|a മലയാളം; പ്രബന്ധം
|9 292235
|
| 650 |
|
|
|a Malayalam; Thesis;Dissertations
|9 292140
|
| 700 |
|
|
|a എൻ സി ഹരിദാസൻ (മാർ.)
|9 292236
|
| 700 |
|
|
|a N C Haridasan (Gui.)
|9 292237
|
| 942 |
|
|
|c BK
|
| 999 |
|
|
|c 59008
|d 59008
|
| 952 |
|
|
|0 0
|1 0
|4 0
|6 MA_APA_E_Q1
|7 0
|8 MAP2013
|9 70631
|a MAL
|b MAL
|d 2016-07-30
|e T888034
|l 0
|o MA APA/E Q1
|p MALT888034
|r 2016-07-30
|t 1
|w 2016-07-30
|y PD
|